Statistics for Biggest Cities in Mexico by Metro Area

Click here to take the quiz!

General Stats

  • This quiz has been taken 43 times
  • The average score is 10 of 15

Answer Stats

Popuation State Metropolitan area % Correct
21,339,781Districto FederalMexico City
100%
4,796,603JaliscoGuadalajara
93%
2,941,988PueblaPuebla
93%
4,475,949Nuevo LeonMonterrey
89%
1,840,710Baja CaliforniaTijuana
89%
1,391,180ChihuahuaJuarez
78%
1,058,764YucatanMerida
74%
1,255,185QueretaroQueretaro
70%
1,044,049AguascalientesAguascalientes
70%
1,133,571San Luis PotosiSan Luis Potosi
63%
2,116,506MexicoToluca
56%
988,417Baja CaliforniaMexicali
48%
1,768,193GuanajatoLeon
44%
1,283,835CoahuilaTorreon
41%
983,365MorelosCuernavaca
26%

Score Distribution

Percentile by Number Answered

Percent of People with Each Score

Your Score History

You have not taken this quiz